MARC details
| 000 -CABECERA |
| campo de control de longitud fija |
01150nam a2200301 a 4500 |
| 001 - NÚMERO DE CONTROL |
| campo de control |
000006243 |
| 005 - FECHA Y HORA DE LA ÚLTIMA TRANSACCIÓN |
| campo de control |
20260211085656.0 |
| 008 - DATOS DE LONGITUD FIJA--INFORMACIÓN GENERAL |
| campo de control de longitud fija |
090827s2003 dr a 001 0 spa d |
| 020 ## - NÚMERO INTERNACIONAL ESTÁNDAR DEL LIBRO |
| Número Internacional Estándar del Libro |
9993477338 |
| 040 ## - FUENTE DE LA CATALOGACIÓN |
| Centro catalogador/agencia de origen |
DO-SdBNP |
| Lengua de catalogación |
spa |
| Centro/agencia transcriptor |
bnphu |
| 082 ## - NÚMERO DE LA CLASIFICACIÓN DECIMAL DEWEY |
| Número de clasificación |
371.1 |
| Número de documento/Ítem |
P681 |
| 100 1# - ENTRADA PRINCIPAL--NOMBRE DE PERSONA |
| Nombre de persona |
Pita Céspedes, Balbina |
| 9 (RLIN) |
17437 |
| 245 10 - MENCIÓN DE TÍTULO |
| Título |
¡Maestros! : |
| Resto del título |
secretos pedagógicos. / |
| Mención de responsabilidad, etc. |
Balbina Pita Céspedes, Zoila Benitez de Mendoza ; prólogo Lizardo García Ramis. |
| 260 ## - PUBLICACIÓN, DISTRIBUCIÓN, ETC. |
| Lugar de publicación, distribución, etc. |
Santo Domingo : |
| Nombre del editor, distribuidor, etc. |
Universidad Autónoma de Santo Domingo, |
| Fecha de publicación, distribución, etc. |
2003. |
| 300 ## - DESCRIPCIÓN FÍSICA |
| Extensión |
160 p. : |
| Otras características físicas |
il. ; |
| Dimensiones |
21 cm. |
| 490 1# - MENCIÓN DE SERIE |
| Mención de serie |
Universidad Autónoma de Santo Domingo |
| Designación de volumen o secuencia |
v. 1102 |
| 490 1# - MENCIÓN DE SERIE |
| Mención de serie |
Educación y sociedad |
| Designación de volumen o secuencia |
v. 53 |
| 500 ## - NOTA GENERAL |
| Nota general |
Incluye una nota al pie de la página |
| 650 #0 - PUNTO DE ACCESO ADICIONAL DE MATERIA--TÉRMINO DE MATERIA |
| Término de materia o nombre geográfico como elemento de entrada |
Personal docente |
| 9 (RLIN) |
16852 |
| 650 #4 - PUNTO DE ACCESO ADICIONAL DE MATERIA--TÉRMINO DE MATERIA |
| Término de materia o nombre geográfico como elemento de entrada |
Tecnicas de enseñanza |
| 9 (RLIN) |
17438 |
| 650 #0 - PUNTO DE ACCESO ADICIONAL DE MATERIA--TÉRMINO DE MATERIA |
| Término de materia o nombre geográfico como elemento de entrada |
Maestros |
| 9 (RLIN) |
17439 |
| 650 #4 - PUNTO DE ACCESO ADICIONAL DE MATERIA--TÉRMINO DE MATERIA |
| Término de materia o nombre geográfico como elemento de entrada |
Educación fundamental |
| 9 (RLIN) |
343 |
| 650 #4 - PUNTO DE ACCESO ADICIONAL DE MATERIA--TÉRMINO DE MATERIA |
| Término de materia o nombre geográfico como elemento de entrada |
Metodos de enseñanza |
| 9 (RLIN) |
2196 |
| 700 1# - PUNTO DE ACCESO ADICIONAL--NOMBRE DE PERSONA |
| Nombre de persona |
Benitez de Mendoza, Zoila |
| 9 (RLIN) |
17440 |
| 700 1# - PUNTO DE ACCESO ADICIONAL--NOMBRE DE PERSONA |
| Nombre de persona |
García Ramis, Lizardo |
| Término indicativo de función/relación |
pról. |
| 9 (RLIN) |
17441 |
| 830 #0 - PUNTO DE ACCESO ADICIONAL DE SERIE-TÍTULO UNIFORME |
| Título uniforme |
Universidad Autónoma de Santo Domingo |
| Designación de volumen o secuencia |
v.1102 |
| 9 (RLIN) |
17164 |
| 830 #0 - PUNTO DE ACCESO ADICIONAL DE SERIE-TÍTULO UNIFORME |
| Título uniforme |
Educación y sociedad |
| Designación de volumen o secuencia |
v. 53 |
| 9 (RLIN) |
17442 |